000 00290nam a22001217a 4500
082 _a891.4398
_bMAN
_cD
245 _aمنٹو نما
260 _aLahore
_bsangemeel
_c1999
300 _a500p.:
_c30cm.
526 _a0
_b0
_c0
_d891_439800000000000_MAN
650 _aMCE
_9379
942 _2ddc
_cBK
999 _c550310
_d550310